Hình tượng nhà nho trong trong thơ Nôm cuối thế kỉ XIX
Nhà nho trong sự biến thiên của lịch sử dân tộc nửa cuối thế kỉ XIX. Chân dung nhà nho trong thơ Nôm nửa cuối thế kỉ XIX
Αποθηκεύτηκε σε:
| Κύριος συγγραφέας: | |
|---|---|
| Άλλοι συγγραφείς: | |
| Μορφή: | Βιβλίο |
| Γλώσσα: | Vietnamese |
| Έκδοση: |
Đà Nẵng
Đại học Sư phạm, Đại học Đà Nẵng
2013
|
| Θέματα: | |
| Ετικέτες: |
Προσθήκη ετικέτας
Δεν υπάρχουν, Καταχωρήστε ετικέτα πρώτοι!
|
| Thư viện lưu trữ: | Mạng thư viện Đại học Đà Nẵng |
|---|
| LEADER | 01635nam a2200385 4500 | ||
|---|---|---|---|
| 001 | 000018939 | ||
| 003 | 15374 | ||
| 005 | 20140311110343.0 | ||
| 008 | 140221s2013 viesd | ||
| 041 | |a vie | ||
| 072 | |a VH | ||
| 082 | 1 | 4 | |a 895.92212 |b HA-T |
| 100 | 1 | |a Hà Thị Thu Thủy | |
| 245 | 1 | 0 | |a Hình tượng nhà nho trong trong thơ Nôm cuối thế kỉ XIX |c Hà Thị Thu Thủy ; Lê An Vinh hướng dẫn |k Khóa luận tốt nghiệp |
| 260 | |a Đà Nẵng |b Đại học Sư phạm, Đại học Đà Nẵng |c 2013 | ||
| 300 | |a 70 tr. |c 29 cm. | ||
| 500 | |a Khóa luận tốt nghiệp đại học. Chuyên ngành: Cử nhân Văn học | ||
| 520 | |a Nhà nho trong sự biến thiên của lịch sử dân tộc nửa cuối thế kỉ XIX. Chân dung nhà nho trong thơ Nôm nửa cuối thế kỉ XIX | ||
| 650 | 0 | 4 | |a Thơ Nôm |v Khóa luận tốt nghiệp |x Hình tượng nhà Nho |y Cuối thế kỷ 19 |
| 653 | |a Hình tượng nhà Nho | ||
| 653 | |a Thơ Nôm | ||
| 653 | |a Khoa Ngữ văn | ||
| 653 | |a Văn học Việt Nam trung đại | ||
| 653 | |a Thơ Việt Nam | ||
| 700 | 1 | |a Lê An Vinh |e Hướng dẫn | |
| OWN | |a LSP | ||
| AVA | |a UDN50 |b LSP |d 895.92212 HA-T |e available |t Error 5001 Not defined in file expand_doc_bib_avail. |f 1 |g 0 |h N |i 0 |k 1 | ||
| 999 | |a From the UDN01 | ||
| AVA | |a UDN50 |b LSP |d 895.92212 HA-T |e available |t Error 5001 Not defined in file expand_doc_bib_avail. |f 1 |g 0 |h N |i 0 |k 1 | ||
| TYP | |a Monograph | ||
| TYP | |a Printed language | ||
| 980 | |a Mạng thư viện Đại học Đà Nẵng | ||